000 01671nam a22004697a 4500
001 000095117
003 CHAP
005 20220329143057.0
008 060125d2004 mx r 00110 spa d
010 _a91583
011 _a92555
020 _a9707530308
035 _a103120
040 _cCHAP
090 _aFolleto 17117
100 1 _aGood Eshelman, Catharine
_949551
245 1 0 _aNahuas del Alto Balsas /
_c/por Catherine Good Eshelman y Guadalupe Barrientos López.
260 _aMéxico, D. F. :
_bComisión Nacional para el Desarrollo de los Puelos Indígenas,
_c2004.
300 _a39 p. :
_bilus.
410 0 0 _aPueblos Indígenas del México Contemporáneo
590 _aBATCH-UPD
_b10
_c20130110
_lUCH01
_h0630
590 _aBATCH-UPD
_b10
_c20130110
_lUCH01
_h2336
590 _aBATCH-UPD
_b10
_c20130410
_lUCH01
_h0313
590 _aBATCH-UPD
_b10
_c20130410
_lUCH01
_h1625
590 _aBATCH-UPD
_b10
_c20130914
_lUCH01
_h1631
590 _aBATCH-UPD
_b10
_c20140827
_lUCH01
_h0949
590 _aCONVERSION
_b10
_c20130109
_lUCH01
_h1351
590 _aE11695DGD
_b10
_c20140903
_lUCH01
_h1325
650 1 4 _aIndios de Guerrero
_xNahuas.
_9128066
650 1 4 _aNahuas
_xEconomía.
_9128009
650 1 4 _aNahuas
_xHistoria.
_9128010
650 1 4 _aNahuas
_xOrganización social.
_9128008
650 1 4 _aNahuas
_xReligión y mitología.
_980061
650 1 4 _aNahuas
_xVida social y costumbres.
_980062
700 1 _aBarrientos López, Guadalupe.
_910485
830 0 _aPueblos Indígenas del México Contemporáneo
_992892
901 _aBK
905 _aLilia
942 _cFOLL
942 _n0
949 _aFolleto 17117
_bBC
_cFOLL
_d33724000967832
_eTS1
_i103120
_sb
999 _c91583
_d91583